Welcome to WEB OPAC of MRSPTU Central Library

Earthquake resistant design of structure (Record no. 5876)

MARC details
000 -LEADER
fixed length control field 00442nam a2200169Ia 4500
008 - FIXED-LENGTH DATA ELEMENTS--GENERAL INFORMATION
fixed length control field 230711s9999||||xx |||||||||||||| ||und||
020 ## - INTERNATIONAL STANDARD BOOK NUMBER
International Standard Book Number 978-0-19-808352-8
041 ## - LANGUAGE CODE
Language code of text/sound track or separate title ENG
082 ## - DEWEY DECIMAL CLASSIFICATION NUMBER
Classification number 624.176
Item number DU-E
100 ## - MAIN ENTRY--PERSONAL NAME
Personal name Duggal,S.K
245 #0 - TITLE STATEMENT
Title Earthquake resistant design of structure
250 ## - EDITION STATEMENT
Edition statement 4th Ed.
260 ## - PUBLICATION, DISTRIBUTION, ETC.
Date of publication, distribution, etc. 2015
Place of publication, distribution, etc. New Delhi
Name of publisher, distributor, etc. Oxford & IBH Publishing Co.Pvt.Ltd.
300 ## - PHYSICAL DESCRIPTION
Extent 511p.
650 ## - SUBJECT ADDED ENTRY--TOPICAL TERM
Topical term or geographic name entry element Civil Engineering
942 ## - ADDED ENTRY ELEMENTS (KOHA)
Koha item type Book
Holdings
Withdrawn status Lost status Damaged status Not for loan Collection Home library Current library Date acquired Cost, normal purchase price Inventory number Total checkouts Full call number Barcode Date last seen Price effective from Koha item type Total renewals Date last checked out
          MRSPTU Central Library MRSPTU Central Library   495.00 642483   624.176 DU-E 31510 08/17/2023 08/17/2023 Book    
          MRSPTU Central Library MRSPTU Central Library   495.00 642483   624.176 DU-E 31511 08/17/2023 08/17/2023 Book    
          MRSPTU Central Library MRSPTU Central Library   495.00 642483 6 624.176 DU-E 31512 12/08/2025 08/17/2023 Book 1 11/08/2025
          MRSPTU Central Library MRSPTU Central Library   495.00 642483 11 624.176 DU-E 31513 12/08/2025 08/17/2023 Book   11/17/2025
          MRSPTU Central Library MRSPTU Central Library   495.00 642483 13 624.176 DU-E 31514 12/08/2025 08/17/2023 Book   11/21/2025
          MRSPTU Central Library MRSPTU Central Library   495.00 642483 5 624.176 DU-E 31515 12/08/2025 08/17/2023 Book   11/15/2025
          MRSPTU Central Library MRSPTU Central Library   495.00 642483 9 624.176 DU-E 31516 12/16/2025 08/17/2023 Book   11/28/2025
          MRSPTU Central Library MRSPTU Central Library   495.00 642483 8 624.176 DU-E 31517 12/08/2025 08/17/2023 Book   11/28/2025
          MRSPTU Central Library MRSPTU Central Library   495.00 642483 6 624.176 DU-E 31518 12/31/2024 08/17/2023 Book   11/25/2024
          MRSPTU Central Library MRSPTU Central Library   495.00 642483 7 624.176 DU-E 31519 12/10/2025 08/17/2023 Book   11/19/2025

Website Designed and Developed by MRSPTU Central Library Team

E-mail Id: librarian@mrsptu.ac.in